Espèces de primates - Statistiques

Statistiques générales
  • Ce quiz a été pris 72 fois
  • Le résultat moyen est 8 sur 16
Statistiques - réponses
Par images Réponse % Correct
chimpanze
95%
orang outan
92%
gorille
86%
bonobo
83%
babouin
79%
mandrill
71%
gibbon
65%
maki catta
46%
singe hurleur
40%
atelle
38%
tamarin lion
38%
saimiri
30%
siamang
29%
colobe
27%
vari roux
22%
douc
5%
Aucun quiz correspondant
Distribution des résultats
% des personnes avec chaque résultat
Percentile par nombre de réponses
Votre historique - résultats
Vous n’avez pas pris ce quiz